=LDR 00000nam 2200000 4500 =001 INLIS000000000039665 =005 20130612145258 =008 ***********************************Ind** =035 ##$$0010-061300000039665 =041 ##$$a Ind =082 ##$$a 813 =090 ##$$a 813, Ros d.1 =100 ##$$a Karen Rose =245 ##$$a Don't Tell, Uki Dimas Gunawan =260 ##$$a 2010 $b Jakarta =300 ##$$a 542 hlm, 20 cm =850 ##$$a NBPNMAT